| 000 | 00787nam a2200241 a 4500 | ||
|---|---|---|---|
| 001 | 8310 | ||
| 003 | BD-RjUL | ||
| 005 | 20211208234549.0 | ||
| 008 | 180114s1920 ii b 000 0 eng d | ||
| 035 | _a(BD-RjUL)8355 | ||
| 040 |
_aBD-RjUL _cBD-RjUL _dBD-RjUL _beng |
||
| 041 | _aeng | ||
| 082 |
_a297 _bALI 1920 |
||
| 100 | 1 |
_aAli, Muhammad _9221752 |
|
| 245 | 1 | 0 |
_aIslam : _bthe religion of humanity / _cby Muhammad Ali ; with a foreword by Lord Headley. |
| 260 |
_aLahore (India) : _bAhmadiyya Anjuman Ishaʻat Islam, _c[1920?] |
||
| 300 |
_aii, 22 p. ; _c21 cm |
||
| 500 | _a"Published also under title: Islam; or, The natural religion of man." | ||
| 504 | _aIncludes bibliographies. | ||
| 650 |
_aIslam _9221753 |
||
| 700 |
_aHeadley, Lord, foreworder _9150223 |
||
| 942 |
_2ddc _cRAR |
||
| 999 |
_c8310 _d8310 |
||